Basic electronics / (Record no. 180414)

000 -LEADER
fixed length control field 01742 a2200241 4500
003 - CONTROL NUMBER IDENTIFIER
control field Nust
005 - DATE AND TIME OF LATEST TRANSACTION
control field 20221024174032.0
010 ## - LIBRARY OF CONGRESS CONTROL NUMBER
LC control number 96039669
020 ## - INTERNATIONAL STANDARD BOOK NUMBER
International Standard Book Number 002802253X (student ed.)
020 ## - INTERNATIONAL STANDARD BOOK NUMBER
International Standard Book Number 0028022602 (instructor's annotated ed.)
040 ## - CATALOGING SOURCE
Transcribing agency Nust
082 00 - DEWEY DECIMAL CLASSIFICATION NUMBER
Classification number 621.3,GRO
100 1# - MAIN ENTRY--PERSONAL NAME
Personal name Grob, Bernard.
9 (RLIN) 19461
245 10 - TITLE STATEMENT
Title Basic electronics /
Statement of responsibility, etc. Bernard Grob.
250 ## - EDITION STATEMENT
Edition statement 8th ed.
260 ## - PUBLICATION, DISTRIBUTION, ETC.
Place of publication, distribution, etc. New York :
Name of publisher, distributor, etc. Glencoe/McGraw-Hill,
Date of publication, distribution, etc. c1997.
300 ## - PHYSICAL DESCRIPTION
Extent xiii, 1060 p. :
Other physical details col. ill. ;
Dimensions 27 cm.
505 ## - FORMATTED CONTENTS NOTE
Formatted contents note Series Circuits (Page-10), Electricity (Page-16), Resistors (Page-48), Ohm's Law (Page-72), Parallel Circuits (Page-132), Series-Parallel Circuits (Page-162), Voltage Dividers and Current Dividers (Page-196), Direct-Current Meters (Page-256), Kirchhoff's Laws (Page-276), Network Theorems (Page-312), Conductors and Insulators (Page-312), Batteries (Page-342), Magnetism (Page-378), Magnetic Units (Page-398), Electromagnetic Induction (Page-418), Alternating Voltage and Current (Page-442), Capacitance (Page-488), Capacitive Reactance (Page-526),Capacitive Circuits (Page-546), Inductance (Page-574), Inductive Reactance (Page-620), Inductive Circuits (Page-640), RC and L/R Time Constants (Page-666), Alternating Current Circuits (Page-700), Complex Numbers for AC Circuits (Page-726), Resonance (Page-758), Filters (Page-796), Electronic Devices (Page-846), Electronic Circuits (Page-876), Transistor Amplifiers (Page-810), Digital Electronics (Page-936), Integrated Circuits (Page-970).
650 #0 - SUBJECT ADDED ENTRY--TOPICAL TERM
Topical term or geographic name entry element Electronics.
856 42 - ELECTRONIC LOCATION AND ACCESS
Materials specified Publisher description
Uniform Resource Identifier <a href="http://www.loc.gov/catdir/description/mh031/96039669.html">http://www.loc.gov/catdir/description/mh031/96039669.html</a>
856 42 - ELECTRONIC LOCATION AND ACCESS
Materials specified Table of contents
Uniform Resource Identifier <a href="http://www.loc.gov/catdir/toc/mh031/96039669.html">http://www.loc.gov/catdir/toc/mh031/96039669.html</a>
942 ## - ADDED ENTRY ELEMENTS (KOHA)
Source of classification or shelving scheme
Koha item type Book
Holdings
Withdrawn status Lost status Source of classification or shelving scheme Damaged status Not for loan Permanent Location Current Location Shelving location Date acquired Full call number Barcode Date last seen Price effective from Koha item type Public note
          Military College of Signals (MCS) Military College of Signals (MCS) General Stacks 12/12/2016 621.3,GRO MCS28618 12/08/2016 12/12/2016 Book Almirah No.28, Shelf No.2
© 2023 Central Library, National University of Sciences and Technology. All Rights Reserved.